000 00746nam a2200253 i 4500
001 147074
003 ES-MaACL
005 20250825062722.0
007 t|
008 070921s1967 sp ||||1| spa d
080 _a947"1925/53"(092.2)
080 _a929 Stalin, Iosif
100 1 _aTrotsky, Leon,
_d1879-1940
_9240350
245 1 0 _aStalin /
_cLeon Trotsky ; [traducción de J.R. García].
250 _a[1ª ed.].
260 _aBarcelona :
_bPlaza & Janés,
_c[1967]
300 _a570 p. ;
_c22 cm.
600 1 4 _aStalin, Iosif Vissarionovich,
_9107862
_d1879-1953
655 0 _aBiografías
_9176647
700 1 _aGarcía, J. R.
_954036
852 _aES-MaACL
_jC-33587
_bR.64092
942 _2udc
999 _c147074
_d147074